<?xml version="1.0" encoding="UTF-8"?>
<record
    xmlns:xsi="http://www.w3.org/2001/XMLSchema-instance"
    xsi:schemaLocation="http://www.loc.gov/MARC21/slim http://www.loc.gov/standards/marcxml/schema/MARC21slim.xsd"
    xmlns="http://www.loc.gov/MARC21/slim">

  <leader>00299nam a22001217a 4500</leader>
  <datafield tag="040" ind1=" " ind2=" ">
    <subfield code="c">SK</subfield>
  </datafield>
  <datafield tag="082" ind1=" " ind2=" ">
    <subfield code="a">307</subfield>
  </datafield>
  <datafield tag="100" ind1=" " ind2=" ">
    <subfield code="a">&#x179F;&#x17C6; &#x1798;&#x17C9;&#x17B6;&#x1799;&#x17C9;&#x17B6;&#x1793;&#x17B8;</subfield>
  </datafield>
  <datafield tag="245" ind1=" " ind2=" ">
    <subfield code="a">Agriculture comparee; &#x1780;&#x179F;&#x17B7;&#x1780;&#x1798;&#x17D2;&#x1798;&#x1794;&#x17D2;&#x179A;&#x17C0;&#x1794;&#x1792;&#x17C0;&#x1794;</subfield>
  </datafield>
  <datafield tag="260" ind1=" " ind2=" ">
    <subfield code="a">RUA</subfield>
    <subfield code="b">&#x179F;&#x17C6;</subfield>
    <subfield code="c">1995</subfield>
  </datafield>
  <datafield tag="300" ind1=" " ind2=" ">
    <subfield code="a">118p.</subfield>
  </datafield>
  <datafield tag="942" ind1=" " ind2=" ">
    <subfield code="c">KB</subfield>
  </datafield>
  <datafield tag="999" ind1=" " ind2=" ">
    <subfield code="c">9461</subfield>
    <subfield code="d">9461</subfield>
  </datafield>
  <datafield tag="952" ind1=" " ind2=" ">
    <subfield code="0">0</subfield>
    <subfield code="1">0</subfield>
    <subfield code="4">0</subfield>
    <subfield code="6">307_000000000000000_&#x179F;&#x17C6;_1995_C062</subfield>
    <subfield code="7">0</subfield>
    <subfield code="9">51412</subfield>
    <subfield code="a">LBC</subfield>
    <subfield code="b">LBC</subfield>
    <subfield code="c">C062</subfield>
    <subfield code="d">2016-09-01</subfield>
    <subfield code="o">307 &#x179F;&#x17C6; 1995 C062</subfield>
    <subfield code="p">RUA44509</subfield>
    <subfield code="r">2016-09-01</subfield>
    <subfield code="y">KB</subfield>
  </datafield>
  <datafield tag="952" ind1=" " ind2=" ">
    <subfield code="0">0</subfield>
    <subfield code="1">0</subfield>
    <subfield code="4">0</subfield>
    <subfield code="6">307_000000000000000_&#x179F;&#x17C6;_1995_C062</subfield>
    <subfield code="7">0</subfield>
    <subfield code="9">51414</subfield>
    <subfield code="a">LBC</subfield>
    <subfield code="b">LBC</subfield>
    <subfield code="c">C062</subfield>
    <subfield code="d">2016-09-01</subfield>
    <subfield code="o">307 &#x179F;&#x17C6; 1995 C062</subfield>
    <subfield code="p">RUA046637</subfield>
    <subfield code="r">2016-09-01</subfield>
    <subfield code="y">KB</subfield>
  </datafield>
  <datafield tag="952" ind1=" " ind2=" ">
    <subfield code="0">0</subfield>
    <subfield code="1">0</subfield>
    <subfield code="4">0</subfield>
    <subfield code="6">307_000000000000000_&#x179F;&#x17C6;_1995_C062</subfield>
    <subfield code="7">0</subfield>
    <subfield code="9">51417</subfield>
    <subfield code="a">LBC</subfield>
    <subfield code="b">LBC</subfield>
    <subfield code="c">C062</subfield>
    <subfield code="d">2016-09-01</subfield>
    <subfield code="o">307 &#x179F;&#x17C6; 1995 C062</subfield>
    <subfield code="p">RUA062316</subfield>
    <subfield code="r">2016-09-01</subfield>
    <subfield code="y">KB</subfield>
  </datafield>
  <datafield tag="952" ind1=" " ind2=" ">
    <subfield code="0">0</subfield>
    <subfield code="1">0</subfield>
    <subfield code="4">0</subfield>
    <subfield code="6">307_000000000000000_&#x179F;&#x17C6;_1995_C062</subfield>
    <subfield code="7">0</subfield>
    <subfield code="9">51419</subfield>
    <subfield code="a">LBC</subfield>
    <subfield code="b">LBC</subfield>
    <subfield code="c">C062</subfield>
    <subfield code="d">2016-09-01</subfield>
    <subfield code="o">307 &#x179F;&#x17C6; 1995 C062</subfield>
    <subfield code="p">RUA061427</subfield>
    <subfield code="r">2016-09-01</subfield>
    <subfield code="y">KB</subfield>
  </datafield>
  <datafield tag="952" ind1=" " ind2=" ">
    <subfield code="0">0</subfield>
    <subfield code="1">0</subfield>
    <subfield code="4">0</subfield>
    <subfield code="6">307_000000000000000_&#x179F;&#x17C6;_1995_C062</subfield>
    <subfield code="7">0</subfield>
    <subfield code="9">51422</subfield>
    <subfield code="a">LBC</subfield>
    <subfield code="b">LBC</subfield>
    <subfield code="c">C062</subfield>
    <subfield code="d">2016-09-01</subfield>
    <subfield code="o">307 &#x179F;&#x17C6; 1995 C062</subfield>
    <subfield code="p">RUA061403</subfield>
    <subfield code="r">2016-09-01</subfield>
    <subfield code="y">KB</subfield>
  </datafield>
  <datafield tag="952" ind1=" " ind2=" ">
    <subfield code="0">0</subfield>
    <subfield code="1">0</subfield>
    <subfield code="4">0</subfield>
    <subfield code="6">307_000000000000000_&#x179F;&#x17C6;_1995_C062</subfield>
    <subfield code="7">0</subfield>
    <subfield code="9">51425</subfield>
    <subfield code="a">LBC</subfield>
    <subfield code="b">LBC</subfield>
    <subfield code="c">C062</subfield>
    <subfield code="d">2016-09-01</subfield>
    <subfield code="o">307 &#x179F;&#x17C6; 1995 C062</subfield>
    <subfield code="p">RUA061754</subfield>
    <subfield code="r">2016-09-01</subfield>
    <subfield code="y">KB</subfield>
  </datafield>
  <datafield tag="952" ind1=" " ind2=" ">
    <subfield code="0">0</subfield>
    <subfield code="1">0</subfield>
    <subfield code="4">0</subfield>
    <subfield code="6">307_000000000000000_&#x179F;&#x17C6;_1995_C062</subfield>
    <subfield code="7">0</subfield>
    <subfield code="9">51429</subfield>
    <subfield code="a">LBC</subfield>
    <subfield code="b">LBC</subfield>
    <subfield code="c">C062</subfield>
    <subfield code="d">2016-09-01</subfield>
    <subfield code="o">307 &#x179F;&#x17C6; 1995 C062</subfield>
    <subfield code="p">RUA062118</subfield>
    <subfield code="r">2016-09-01</subfield>
    <subfield code="y">KB</subfield>
  </datafield>
  <datafield tag="952" ind1=" " ind2=" ">
    <subfield code="0">0</subfield>
    <subfield code="1">0</subfield>
    <subfield code="4">0</subfield>
    <subfield code="6">307_000000000000000_&#x179F;&#x17C6;_1995_C062</subfield>
    <subfield code="7">0</subfield>
    <subfield code="9">51431</subfield>
    <subfield code="a">LBC</subfield>
    <subfield code="b">LBC</subfield>
    <subfield code="c">C062</subfield>
    <subfield code="d">2016-09-01</subfield>
    <subfield code="o">307 &#x179F;&#x17C6; 1995 C062</subfield>
    <subfield code="p">RUA045078</subfield>
    <subfield code="r">2016-09-01</subfield>
    <subfield code="y">KB</subfield>
  </datafield>
  <datafield tag="952" ind1=" " ind2=" ">
    <subfield code="0">0</subfield>
    <subfield code="1">0</subfield>
    <subfield code="4">0</subfield>
    <subfield code="6">307_000000000000000_&#x179F;&#x17C6;_1995_C198</subfield>
    <subfield code="7">0</subfield>
    <subfield code="9">51623</subfield>
    <subfield code="a">LBC</subfield>
    <subfield code="b">LBC</subfield>
    <subfield code="c">C198</subfield>
    <subfield code="d">2016-09-05</subfield>
    <subfield code="o">307 &#x179F;&#x17C6; 1995 C198</subfield>
    <subfield code="p">RUA047549</subfield>
    <subfield code="r">2016-09-05</subfield>
    <subfield code="y">KB</subfield>
  </datafield>
</record>
